000 00303nam a2200145Ia 4500
100 _aLoskutov/V
650 _aChemistry
942 _cBK
654 _aControl
245 _aMathematical Control Machines
260 _bPeace publishers
_c2001
082 _a621.3
300 _a413
546 _aENGLISH
999 _c29186
_d29186